000 00325nam a2200133 i 4500
001 bg
100 1 _aOSTASIEWICZ, H.
245 0 _aZastosowanie zbiorów rozmytych w ekonomii /
_cH. Ostasiewicz.
260 _aWarszawa,
_c1986.
040 _cBPK
041 _apol
942 _cKS
008 s pl f |000 0 pol
999 _c23171
_d23171
856 _uhttp://koha.tu.koszalin.pl/cgi-bin/koha/opac-detail.pl?biblionumber=23171
_yKatalog online BPK